000 00244nam a2200097Ia 4500
001 683347
005 20250826161436.0
008 250824s9999 xx 000 0 und d
245 0 _aİNCİR ÇEKİRDEĞİ
_cHALUK DURSUN
260 _bTİMAŞ YAYINLARI
999 _c683347
_d683347